[Event "GER-ch 88th"]
[Site "Apolda"]
[Date "2017.06.30"]
[Round "8"]
[White "Keymer, Vincent"]
[Black "Kalinitschew, Sergey"]
[Result "1-0"]
[WhiteElo "2411"]
[BlackElo "2426"]
[EventDate "2017.06.23"]
[PlyCount "75"]

1. d4 d6 2. c4 e5 3. Nc3 exd4 4. Qxd4 Nf6 5. g3 Nc6 6. Qd2 Be6 7. e4 Be7 8. b3 a5 9. Bg2 a4 10. Rb1 axb3 11. axb3 Nd7 12. Nge2 O-O 13. O-O Bf6 14. Nd5 Bxd5 15. cxd5 Na7 16. Qb4 Qb8 17. Rd1 Nc5 18. Be3 Na6 19. Qc4 c5 20. dxc6 Nxc6 21. b4 Ne5 22. Qd5 Rd8 23. h3 Nc7 24. Qb3 Nb5 25. Bc1 Rc8 26. Rd5 Na7 27. b5 Rc5 28. Be3 Rxd5 29. Qxd5 Nc8 30. Qb3 Nd7 31. Nf4 Nc5 32. Qc2 Bd8 33. e5 dxe5 34. Qxc5 Bb6 35. Qd5 exf4 36. Bxf4 Qa7 37. Qxb7 Bxf2+ 38. Kf1 1-0

[Event "GER-ch 88th"]
[Site "Apolda"]
[Date "2017.06.30"]
[Round "8"]
[White "Kollars, Dmitrij"]
[Black "Miller, Eduard"]
[Result "1-0"]
[WhiteElo "2510"]
[BlackElo "2319"]
[EventDate "2017.06.23"]
[PlyCount "73"]

1. e4 e5 2. Nf3 Nc6 3. Bb5 a6 4. Ba4 d6 5. O-O Nge7 6. c3 Bd7 7. d4 Ng6 8. Be3 Be7 9. Nbd2 O-O 10. Re1 exd4 11. cxd4 Nb4 12. Nf1 d5 13. e5 Nd3 14. Re2 Ndf4 15. Rd2 Nxg2 16. Kxg2 Bg4 17. Qc1 Qc8 18. Ng1 Nh4+ 19. Kh1 Bb4 20. f4 Bxd2 21. Qxd2 Bh3 22. Nxh3 Qxh3 23. Qf2 Nf5 24. Ng3 Nxg3+ 25. Qxg3 Qxg3 26. hxg3 c6 27. f5 a5 28. Kg2 Ra6 29. Rd1 Rb6 30. Rd2 Rb4 31. Bd1 Rc4 32. Rd3 f6 33. e6 g6 34. Bd2 c5 35. Bb3 Rxd4 36. Rxd4 cxd4 37. Ba4 1-0

[Event "GER-ch 88th"]
[Site "Apolda"]
[Date "2017.06.30"]
[Round "8"]
[White "Middelhoff, Cornelius"]
[Black "Tonndorf, Matthias"]
[Result "0-1"]
[WhiteElo "2131"]
[BlackElo "2256"]
[EventDate "2017.06.23"]
[PlyCount "131"]

1. d4 Nf6 2. c4 e6 3. Nc3 Bb4 4. Qc2 c5 5. dxc5 Na6 6. a3 Bxc3+ 7. Qxc3 Nxc5 8. b4 Nce4 9. Qb2 d5 10. c5 d4 11. e3 e5 12. Nf3 O-O 13. Nxe5 dxe3 14. Bxe3 Nd5 15. Rd1 Nec3 16. Rd3 Qf6 17. Rxc3 Qxe5 18. Rb3 Qe4 19. Qb1 Qxb1+ 20. Rxb1 Re8 21. Bb5 Re7 22. Rb3 Be6 23. Rd3 Nc7 24. Ba4 h6 25. Bb3 Bf5 26. Rd2 a5 27. O-O axb4 28. axb4 Ra3 29. Bc4 Ra4 30. Rd8+ Kh7 31. Bd2 Na6 32. Bb5 Ra2 33. g4 Bxg4 34. Bd3+ f5 35. Bc4 Ra3 36. b5 Nc7 37. c6 Ra8 38. Rxa8 Nxa8 39. Bb4 Re8 40. cxb7 Nb6 41. Be6 Rb8 42. Kg2 Rxb7 43. f3 Bh5 44. Bxf5+ Bg6 45. Bxg6+ Kxg6 46. Rb1 Kf5 47. Bc5 Nd5 48. Bd4 Ke6 49. Kf2 Kd6 50. Ke2 Nf4+ 51. Kd2 Kd5 52. Be3 Ne6 53. Kd3 g5 54. b6 Nd8 55. Rb5+ Kd6 56. h4 gxh4 57. Rh5 Nf7 58. Bf4+ Kd7 59. Bc7 Ng5 60. Rxh4 Nxf3 61. Rxh6 Ng5 62. Rd6+ Ke7 63. Rd8 Ne6 64. Rb8 Rxb8 65. Bxb8 Kd7 66. Kc4 0-1

[Event "GER-ch 88th"]
[Site "Apolda"]
[Date "2017.06.30"]
[Round "8"]
[White "Nisipeanu, Liviu Dieter"]
[Black "Meister, Jakob [RUS]"]
[Result "1-0"]
[WhiteElo "2683"]
[BlackElo "2433"]
[EventDate "2017.06.23"]
[PlyCount "79"]

1. d4 e6 2. c4 Bb4+ 3. Bd2 Bxd2+ 4. Qxd2 Nf6 5. Nf3 O-O 6. g3 d5 7. Bg2 dxc4 8. Na3 c5 9. O-O cxd4 10. Nxc4 Nc6 11. Rfd1 Rb8 12. Nfe5 Bd7 13. Bxc6 Bxc6 14. Nxc6 bxc6 15. Qxd4 Qxd4 16. Rxd4 Rfd8 17. Rxd8+ Rxd8 18. Rc1 Kf8 19. f3 Nd5 20. Ne5 Ne7 21. Kf2 f6 22. Nd3 e5 23. Rc3 Rc8 24. e4 Rb8 25. b3 Kf7 26. Ke3 g5 27. Rc4 Ke6 28. Ra4 Nc8 29. h4 gxh4 30. gxh4 Kd6 31. Rc4 Nb6 32. Rc2 Rg8 33. Rd2 Kc7 34. Nc5 h5 35. Ne6+ Kb7 36. Rd6 Rg2 37. a4 Nc8 38. Rd7+ Ka6 39. b4 Rb2 40. Nc5+ 1-0

[Event "GER-ch 88th"]
[Site "Apolda"]
[Date "2017.06.30"]
[Round "8"]
[White "Prenzler, Daniel"]
[Black "Goepfert, Jakob"]
[Result "0-1"]
[WhiteElo "2210"]
[BlackElo "2109"]
[EventDate "2017.06.23"]
[PlyCount "50"]

1. Nf3 g6 2. e4 Bg7 3. Nc3 c5 4. d4 cxd4 5. Nxd4 Nc6 6. Be3 Nf6 7. Bc4 O-O 8. Bb3 d6 9. f3 Bd7 10. Qd2 Rc8 11. O-O-O Ne5 12. Kb1 Nc4 13. Bxc4 Rxc4 14. g4 Qb8 15. h4 Rfc8 16. h5 Bxg4 17. fxg4 Rxc3 18. bxc3 Nxe4 19. Qh2 Nxc3+ 20. Kc1 Nxd1 21. Kxd1 Be5 22. Qf2 Qc7 23. Nf3 Qc3 24. Nxe5 Qxe5 25. hxg6 Qd5+ 0-1

[Event "GER-ch 88th"]
[Site "Apolda"]
[Date "2017.06.30"]
[Round "8"]
[White "Rehberg, Raphael"]
[Black "Heinert, Eugen"]
[Result "1/2-1/2"]
[WhiteElo "2264"]
[BlackElo "2151"]
[EventDate "2017.06.23"]
[PlyCount "86"]

1. e4 e6 2. d4 d5 3. Nc3 Bb4 4. e5 c5 5. a3 Bxc3+ 6. bxc3 Ne7 7. Nf3 Bd7 8. a4 Qa5 9. Bd2 Nbc6 10. Bb5 f6 11. Qe2 fxe5 12. Nxe5 Nxe5 13. Qxe5 Bxb5 14. c4 Qb6 15. cxb5 O-O 16. dxc5 Qxc5 17. Qxe6+ Kh8 18. O-O Nf5 19. Rae1 h6 20. Qg6 Rf6 21. Re8+ Rxe8 22. Qxe8+ Kh7 23. c3 Nd6 24. Qe3 Ne4 25. Qxc5 Nxc5 26. Be3 Nxa4 27. Bd4 Re6 28. Ra1 a6 29. f4 axb5 30. Rb1 Rc6 31. Rb3 b6 32. Kf1 Kg6 33. g4 Kf7 34. Ke2 b4 35. cxb4 Rc2+ 36. Kf3 Rxh2 37. Bf2 Rh3+ 38. Bg3 Rh1 39. f5 Rc1 40. Be5 b5 41. Rd3 Nb6 42. Ra3 Na4 43. Rd3 Nb6 1/2-1/2

[Event "GER-ch 88th"]
[Site "Apolda"]
[Date "2017.06.30"]
[Round "8"]
[White "Schmidt Schaeffer, Sebastian"]
[Black "Buecker, Stefan"]
[Result "1-0"]
[WhiteElo "2381"]
[BlackElo "2291"]
[EventDate "2017.06.23"]
[PlyCount "121"]

1. d4 Nc6 2. d5 Ne5 3. f4 Ng6 4. e4 e5 5. dxe6 fxe6 6. Nf3 d5 7. e5 Bb4+ 8. c3 Bc5 9. Bd3 Nh4 10. Ng5 g6 11. Qg4 Nf5 12. Qh3 Qe7 13. g4 Nfh6 14. Nd2 Bd7 15. Nb3 Bb6 16. Bd2 O-O-O 17. O-O-O Kb8 18. Kb1 Ba4 19. Rhf1 c5 20. c4 Bc7 21. Be3 d4 22. Bd2 Bd7 23. Be4 a6 24. Be1 Rf8 25. Bh4 b6 26. Bg2 Ka7 27. Ne4 Qe8 28. Bg5 Nf7 29. Bf6 Nxf6 30. Nxf6 Qc8 31. Nd2 g5 32. Qf3 Rd8 33. Rde1 Qb8 34. Nxd7 Rxd7 35. Qc6 Re7 36. Nb3 gxf4 37. Nxc5 Nd8 38. Nxa6 Nxc6 39. Nxb8 Nxb8 40. Rf3 Kb7 41. Rxf4+ Kc8 42. Rxd4 Rf8 43. Re2 Rd7 44. Rde4 Nc6 45. g5 Rd3 46. Kc1 Bd8 47. h4 Rg3 48. c5 b5 49. a4 b4 50. Kd2 b3 51. R4e3 Ba5+ 52. Kd3 Rg4 53. Re4 Rd8+ 54. Kc4 Rg3 55. R4e3 Nd4 56. Rxg3 Nxe2 57. Rxb3 Rd4+ 58. Kb5 Bc7 59. Re3 Rd2 60. Be4 Rxb2+ 61. Kc4 1-0

[Event "GER-ch 88th"]
[Site "Apolda"]
[Date "2017.06.30"]
[Round "8"]
[White "Schneider, Jana"]
[Black "Telljohann, Sven"]
[Result "1-0"]
[WhiteElo "2261"]
[BlackElo "2407"]
[EventDate "2017.06.23"]
[PlyCount "93"]

1. e4 g6 2. d4 Bg7 3. Nc3 c6 4. Bc4 d6 5. Nf3 Nf6 6. Bb3 O-O 7. O-O d5 8. e5 Ne8 9. h3 Nc7 10. Ne2 a5 11. a3 Nd7 12. Be3 f6 13. exf6 exf6 14. Qd2 Nb6 15. Bh6 Be6 16. Bxg7 Kxg7 17. Rae1 Bf7 18. Nh2 h5 19. c3 Qd6 20. Nf3 Rae8 21. Bc2 Nc4 22. Qc1 Qd8 23. Nh4 Nd6 24. Qd1 Re4 25. Bxe4 dxe4 26. g3 Qd7 27. Kh2 g5 28. Ng2 Be6 29. Ng1 Bc4 30. Ne2 Be6 31. h4 Bg4 32. Qd2 Kg6 33. Ng1 Re8 34. f3 exf3 35. Nxf3 Rxe1 36. Ngxe1 gxh4 37. Nxh4+ Kg7 38. Neg2 Nd5 39. Ne3 Ne4 40. Qd3 Qe6 41. Nef5+ Bxf5 42. Nxf5+ Kf8 43. Qe2 Ne7 44. Qxh5 Ng5 45. Qh6+ Kf7 46. Qg7+ Ke8 47. Qxe7+ 1-0

[Event "GER-ch 88th"]
[Site "Apolda"]
[Date "2017.06.30"]
[Round "8"]
[White "Schulz, Karsten"]
[Black "Hoefelsauer, Thomas"]
[Result "1/2-1/2"]
[WhiteElo "2274"]
[BlackElo "2395"]
[EventDate "2017.06.23"]
[PlyCount "88"]

1. Nf3 d5 2. g3 Nf6 3. Bg2 c6 4. O-O Bf5 5. d3 e6 6. c4 Na6 7. cxd5 exd5 8. Nc3 Be7 9. Nd4 Bg6 10. e4 O-O 11. Nc2 dxe4 12. dxe4 Nc5 13. Qe2 Re8 14. Rd1 Qb6 15. Qc4 Ng4 16. Qe2 Nf6 17. Qc4 Bh5 18. Rf1 Ng4 19. b4 Ne6 20. Qb3 Nd4 21. Nxd4 Qxd4 22. Rb1 Ne5 23. Be3 Qc4 24. Rfc1 Qxb3 25. Rxb3 Nc4 26. Bc5 Bf6 27. Nb1 Red8 28. f3 Bd4+ 29. Bxd4 Rxd4 30. Rbc3 Nd6 31. a3 f6 32. Kf2 Bf7 33. Ke3 Nb5 34. Bf1 Nxc3 35. Kxd4 Nxb1 36. Rxb1 Rd8+ 37. Ke3 Kf8 38. Bd3 Ke7 39. Rc1 Rd6 40. Rc3 h6 41. h4 Rd8 42. f4 Ra8 43. Kd4 Rd8+ 44. Ke3 Ra8 1/2-1/2

[Event "GER-ch 88th"]
[Site "Apolda"]
[Date "2017.06.30"]
[Round "8"]
[White "Svane, Rasmus"]
[Black "Bischoff, Klaus"]
[Result "1/2-1/2"]
[WhiteElo "2581"]
[BlackElo "2504"]
[EventDate "2017.06.23"]
[PlyCount "93"]

1. d4 Nf6 2. c4 e6 3. g3 Bb4+ 4. Nd2 O-O 5. Bg2 Re8 6. a3 Bf8 7. e4 d6 8. b3 e5 9. d5 Nbd7 10. Ne2 c6 11. b4 cxd5 12. cxd5 a5 13. Bb2 Nb6 14. bxa5 Rxa5 15. Bc3 Ra8 16. Bb4 Na4 17. Nc3 Nxc3 18. Bxc3 Nd7 19. O-O Nc5 20. Qb1 Bd7 21. Rc1 g6 22. Nb3 b6 23. Nd2 Qc7 24. Bb4 Rec8 25. Ra2 Qd8 26. Bf1 Bh6 27. Re1 Ba4 28. Rb2 Na6 29. Bxa6 Rxa6 30. Qd3 Ra7 31. Nb1 Rac7 32. Nc3 Be8 33. Nb5 Rc4 34. Na7 Rd4 35. Qa6 Rcc4 36. Qb7 Rxe4 37. Rxe4 Rxe4 38. Rc2 Qd7 39. Qb8 Rxb4 40. axb4 Qa4 41. Rc8 Qd1+ 42. Kg2 Qxd5+ 43. f3 Qd2+ 44. Kh3 Bf8 45. Rxe8 Qh6+ 46. Kg2 Qd2+ 47. Kh3 1/2-1/2

[Event "GER-ch 88th"]
[Site "Apolda"]
[Date "2017.06.30"]
[Round "8"]
[White "Tischbierek, Raj"]
[Black "Kersten, Uwe"]
[Result "1/2-1/2"]
[WhiteElo "2452"]
[BlackElo "2257"]
[EventDate "2017.06.23"]
[PlyCount "98"]

1. e4 e5 2. Nf3 Nc6 3. Bb5 a6 4. Ba4 Nf6 5. O-O Nxe4 6. d4 exd4 7. Re1 d5 8. Nxd4 Bd6 9. g3 O-O 10. Nxc6 bxc6 11. Bxc6 Nxf2 12. Qxd5 Be6 13. Qd4 Nh3+ 14. Kg2 Bd7 15. Bxd7 Qxd7 16. Nc3 h6 17. Ne4 Ng5 18. Bxg5 hxg5 19. Nxg5 Qf5 20. Ne4 Rae8 21. Re2 Re5 22. Rae1 Rfe8 23. Qd3 Bb4 24. c3 Bf8 25. a3 Qe6 26. c4 Qc6 27. Kf1 Rf5+ 28. Kg1 Bc5+ 29. Kg2 Rfe5 30. g4 f5 31. gxf5 Rxf5 32. b4 Bf8 33. Kg1 Rfe5 34. Ng3 Rxe2 35. Rxe2 Rxe2 36. Nxe2 a5 37. c5 Qe6 38. Nc3 axb4 39. axb4 Qg4+ 40. Kf1 Qf4+ 41. Kg2 Qg4+ 42. Kh1 Qxb4 43. Qd5+ Kh8 44. Ne4 Qe1+ 45. Kg2 Qe2+ 46. Kg3 Be7 47. h3 Qe1+ 48. Kg2 Qe2+ 49. Kg3 Qe1+ 1/2-1/2

[Event "GER-ch 88th"]
[Site "Apolda"]
[Date "2017.07.01"]
[Round "9"]
[White "Bischoff, Klaus"]
[Black "Donchenko, Alexander"]
[Result "1/2-1/2"]
[WhiteElo "2504"]
[BlackElo "2573"]
[EventDate "2017.06.23"]
[PlyCount "77"]

1. Nf3 c5 2. b3 g6 3. Bb2 Nf6 4. e4 Bg7 5. e5 Nd5 6. Nc3 Nxc3 7. Bxc3 O-O 8. Bd3 d5 9. exd6 Bxc3 10. dxc3 Qxd6 11. Be4 Qe6 12. Qd5 Qxd5 13. Bxd5 Nd7 14. Nd2 Rb8 15. h3 Nf6 16. Bf3 b6 17. O-O-O Bb7 18. Rhe1 e6 19. Kb2 Bxf3 20. Nxf3 Rfd8 21. Ne5 Rbc8 22. a4 Kf8 23. a5 bxa5 24. Rxd8+ Rxd8 25. Ra1 Rd2 26. Rxa5 Rxf2 27. Rxa7 Nd5 28. Nd7+ Ke8 29. Nxc5 Ne3 30. b4 Rxc2+ 31. Kb3 Rxg2 32. b5 Rg5 33. Rc7 Nd5 34. Rc8+ Ke7 35. c4 Rg3+ 36. Ka2 Rg2+ 37. Kb3 Rg3+ 38. Ka2 Rg2+ 39. Kb3 1/2-1/2

[Event "GER-ch 88th"]
[Site "Apolda"]
[Date "2017.07.01"]
[Round "9"]
[White "Buecker, Stefan"]
[Black "Middelhoff, Cornelius"]
[Result "1/2-1/2"]
[WhiteElo "2291"]
[BlackElo "2131"]
[EventDate "2017.06.23"]
[PlyCount "81"]

1. b3 e5 2. Bb2 Nc6 3. Nf3 e4 4. Ne5 Nxe5 5. Bxe5 Nf6 6. e3 d5 7. c4 dxc4 8. Nc3 Bf5 9. Nb5 Bd6 10. Bxd6 cxd6 11. Bxc4 O-O 12. Be2 Qd7 13. O-O Rfc8 14. Nd4 Bg6 15. b4 d5 16. a4 a5 17. Rb1 b6 18. bxa5 Rxa5 19. Rxb6 Qxa4 20. Nc6 Qxc6 21. Rxc6 Rxc6 22. g4 h5 23. g5 Nd7 24. h4 Ne5 25. Kh2 Ra2 26. Qb1 Rxd2 27. Qb8+ Kh7 28. Qxe5 Rxe2 29. Qxd5 Rcc2 30. Kg1 Red2 31. Qe5 Rb2 32. Qg3 Rdc2 33. Ra1 Ra2 34. Rxa2 Rxa2 35. Qe5 Ra6 36. Kg2 Re6 37. Qd5 Ra6 38. Kg3 Re6 39. Kf4 Re8 40. Qd7 Re6 41. Qd5 1/2-1/2

[Event "GER-ch 88th"]
[Site "Apolda"]
[Date "2017.07.01"]
[Round "9"]
[White "Bussard, Christian"]
[Black "Dobierzin, Olaf"]
[Result "1-0"]
[WhiteElo "2251"]
[BlackElo "2020"]
[EventDate "2017.06.23"]
[PlyCount "143"]

1. d4 Nf6 2. c4 g6 3. Nc3 Bg7 4. Nf3 O-O 5. e4 d6 6. Be2 e5 7. O-O Nbd7 8. Qc2 Re8 9. dxe5 dxe5 10. Rd1 c6 11. b3 Qc7 12. Nd2 Nc5 13. Ba3 Bf8 14. Nf3 Bg4 15. Ng5 Bxe2 16. Qxe2 h6 17. Qf3 Kg7 18. Nh3 Ne6 19. Bc1 Be7 20. Ne2 Rad8 21. Bb2 Rxd1+ 22. Rxd1 Rd8 23. Ng3 Nd4 24. Bxd4 exd4 25. Nf4 Qa5 26. Qe2 Bd6 27. Nd3 Bxg3 28. hxg3 Re8 29. f3 Qc7 30. Qf2 c5 31. g4 Nd7 32. Qd2 b6 33. Qf4 Qxf4 34. Nxf4 Ne5 35. Kf2 Nc6 36. Rd2 Ne5 37. Re2 Re7 38. Ke1 Rd7 39. Rd2 Nc6 40. Kd1 Ne5 41. Kc2 Re7 42. Kb2 Rd7 43. Ka3 b5 44. cxb5 c4 45. Nd5 c3 46. Rxd4 Rd8 47. f4 Nxg4 48. Rc4 c2 49. Rxc2 f5 50. Rc7+ Kf8 51. Nc3 fxe4 52. Nxe4 Re8 53. Nd6 Re7 54. Rxe7 Kxe7 55. Nc8+ Kd7 56. Nxa7 Ne3 57. g3 Nf5 58. Nc6 Nxg3 59. Ne5+ Kc7 60. Nxg6 Nf5 61. Kb4 h5 62. a4 h4 63. Nxh4 Nxh4 64. Kc5 Nf5 65. Kd5 Kd7 66. a5 Kc7 67. b4 Ne7+ 68. Ke6 Ng6 69. f5 Nf4+ 70. Kf7 Nd5 71. f6 Kd7 72. Kg7 1-0

[Event "GER-ch 88th"]
[Site "Apolda"]
[Date "2017.07.01"]
[Round "9"]
[White "Frischmann, Rick"]
[Black "Schulz, Karsten"]
[Result "1-0"]
[WhiteElo "2302"]
[BlackElo "2274"]
[EventDate "2017.06.23"]
[PlyCount "157"]

1. d4 d6 2. Nf3 Nf6 3. g3 Nbd7 4. c4 e5 5. Nc3 Be7 6. Bg2 O-O 7. O-O c6 8. e4 a6 9. Qc2 Qc7 10. Re1 Re8 11. h3 Bf8 12. Be3 exd4 13. Nxd4 g6 14. Rad1 a5 15. b3 Nc5 16. f4 Bd7 17. Bf2 Rad8 18. Nf3 Bc8 19. Kh2 Nh5 20. a3 f5 21. Nd4 Ne6 22. exf5 Nxd4 23. Bxd4 Bxf5 24. Qf2 Qd7 25. g4 Bxg4 26. hxg4 Qxg4 27. Bh3 Qxf4+ 28. Qxf4 Nxf4 29. Bb6 Ra8 30. Bd7 Rxe1 31. Rxe1 Bg7 32. Ne2 Nd3 33. Rf1 a4 34. b4 Ne5 35. Be6+ Kh8 36. Nd4 Re8 37. Kg2 h5 38. Kh1 Kh7 39. Rd1 Bh6 40. c5 d5 41. Bh3 Nc4 42. b5 Re4 43. bxc6 bxc6 44. Bd8 Ne3 45. Rd3 g5 46. Bf5+ Nxf5 47. Nxf5 Bf8 48. Nd6 Re1+ 49. Kg2 g4 50. Kf2 Rc1 51. Bb6 Bg7 52. Nf5 Bf6 53. Nd4 h4 54. Nxc6 h3 55. Rxd5 Bh4+ 56. Ke3 Kh6 57. Bc7 Bg5+ 58. Ke4 Re1+ 59. Kf5 Kh5 60. Nd4 Rf1+ 61. Ke4 Re1+ 62. Kf5 Rf1+ 63. Ke6 Rf6+ 64. Kd7 Rf7+ 65. Kc6 Rxc7+ 66. Kxc7 h2 67. Ne2 Kh4 68. Rd1 g3 69. Rh1 Kh3 70. Nxg3 Kxg3 71. c6 Kg2 72. Rd1 Be3 73. Kb7 Bg1 74. c7 h1=Q 75. c8=Q Kf2+ 76. Qc6 Qh7+ 77. Ka6 Qg7 78. Qb6+ Ke2 79. Rxg1 1-0

[Event "GER-ch 88th"]
[Site "Apolda"]
[Date "2017.07.01"]
[Round "9"]
[White "Fuchs, Florian"]
[Black "Engel, Luis"]
[Result "1/2-1/2"]
[WhiteElo "2335"]
[BlackElo "2319"]
[EventDate "2017.06.23"]
[PlyCount "65"]

1. e4 c5 2. Nf3 d6 3. d4 cxd4 4. Nxd4 Nf6 5. Nc3 a6 6. h3 e5 7. Nb3 Be6 8. f4 Nc6 9. f5 Bc8 10. Bg5 b5 11. Qf3 Be7 12. O-O-O b4 13. Bxf6 Bxf6 14. Nd5 O-O 15. Kb1 a5 16. Bb5 Bb7 17. Ba4 Kh8 18. h4 Ne7 19. g4 Nxd5 20. exd5 Be7 21. Nd2 g6 22. Ne4 gxf5 23. gxf5 f6 24. Ng5 fxg5 25. hxg5 Rf7 26. f6 Bxf6 27. Rdf1 Qg8 28. gxf6 Qg5 29. Rhg1 Qh6 30. Rh1 Qg5 31. Rhg1 Qh6 32. Rh1 Qg5 33. Rhg1 1/2-1/2

[Event "GER-ch 88th"]
[Site "Apolda"]
[Date "2017.07.01"]
[Round "9"]
[White "Goepfert, Jakob"]
[Black "Rehberg, Raphael"]
[Result "0-1"]
[WhiteElo "2109"]
[BlackElo "2264"]
[EventDate "2017.06.23"]
[PlyCount "108"]

1. d4 d5 2. Nf3 Nf6 3. c4 e6 4. g3 Be7 5. Bg2 O-O 6. Nbd2 c5 7. O-O Nc6 8. dxc5 Bxc5 9. a3 a5 10. cxd5 exd5 11. Nb3 Bb6 12. Nbd4 Ne4 13. Be3 Bg4 14. Rc1 Rc8 15. Qd3 Nc5 16. Qb1 Nd7 17. Rfd1 Qe7 18. h3 Nxd4 19. Nxd4 Bh5 20. Rxc8 Rxc8 21. Nf5 Qf6 22. Rxd5 Bg6 23. Bxb6 Nxb6 24. Rb5 Nc4 25. e4 Bxf5 26. Rxf5 Qb6 27. b4 g6 28. Rf4 Nxa3 29. Qa2 Nc4 30. e5 Qxb4 31. Bxb7 Qxb7 32. Rxc4 Rxc4 33. Qxc4 Qb1+ 34. Kh2 Qb2 35. Qf4 a4 36. Kg2 a3 37. Qf6 Qd4 38. Qa6 Qd5+ 39. Kh2 a2 40. Qc8+ Kg7 41. Qa6 h5 42. h4 Qb3 43. Kg2 Qb2 44. Qf6+ Kg8 45. Qd8+ Kh7 46. Qe7 Qb3 47. Qa7 Qc4 48. Qa3 Kg7 49. Qa8 Qb3 50. Qa6 Qd5+ 51. Kh2 Kf8 52. Qa7 Ke8 53. f4 Qd2+ 54. Kh3 Qd7+ 0-1

[Event "GER-ch 88th"]
[Site "Apolda"]
[Date "2017.07.01"]
[Round "9"]
[White "Heinert, Eugen"]
[Black "Zude, Arno"]
[Result "1/2-1/2"]
[WhiteElo "2151"]
[BlackElo "2398"]
[EventDate "2017.06.23"]
[PlyCount "146"]

1. c4 e5 2. g3 c6 3. Nf3 e4 4. Nd4 d5 5. cxd5 Qxd5 6. Nc2 Nf6 7. Nc3 Qh5 8. Ne3 Bb4 9. Bg2 Bxc3 10. bxc3 O-O 11. f3 exf3 12. Bxf3 Qg6 13. O-O Nbd7 14. Qc2 Ne5 15. Bg2 Qh5 16. Nf5 Re8 17. d4 Nc4 18. e4 Ng4 19. Bf3 Bxf5 20. exf5 Qh3 21. Qg2 Qxg2+ 22. Bxg2 Nge3 23. Bxe3 Nxe3 24. Rf2 Nxg2 25. Kxg2 Re3 26. Rf3 Re2+ 27. Rf2 Rae8 28. Raf1 Kf8 29. g4 h6 30. Rxe2 Rxe2+ 31. Rf2 Re1 32. Rf1 Re3 33. Rf3 Re4 34. h3 Ke7 35. f6+ gxf6 36. Kf2 h5 37. Re3 Re6 38. gxh5 Kf8 39. Rg3 f5 40. Rg5 Rh6 41. Rxf5 Kg7 42. Rg5+ Kh7 43. Rf5 Kg7 44. Rg5+ Kh7 45. Re5 Rf6+ 46. Ke2 b5 47. a4 bxa4 48. Ra5 Kh6 49. Rxa4 Kxh5 50. Rxa7 Re6+ 51. Kf3 Kg6 52. Ra6 Rf6+ 53. Ke3 Re6+ 54. Kd3 Kg5 55. Ra8 f5 56. Rg8+ Kf4 57. h4 Kf3 58. h5 f4 59. Rg6 Re3+ 60. Kd2 Re2+ 61. Kd3 Re3+ 62. Kc4 Ke2 63. Rxc6 f3 64. Rf6 f2 65. Rxf2+ Kxf2 66. d5 Kf3 67. d6 Re6 68. Kd5 Rh6 69. d7 Rxh5+ 70. Kd6 Rh6+ 71. Kc7 Rh8 72. c4 Ke4 73. d8=Q Ke5 1/2-1/2

[Event "GER-ch 88th"]
[Site "Apolda"]
[Date "2017.07.01"]
[Round "9"]
[White "Hoefelsauer, Thomas"]
[Black "Buhmann, Rainer"]
[Result "1/2-1/2"]
[WhiteElo "2395"]
[BlackElo "2588"]
[EventDate "2017.06.23"]
[PlyCount "86"]

1. d4 Nf6 2. Nf3 d5 3. c4 e6 4. g3 dxc4 5. Bg2 c6 6. Ne5 Bb4+ 7. Bd2 Be7 8. e3 b5 9. Nxc6 Nxc6 10. Bxc6+ Bd7 11. Bxa8 Qxa8 12. f3 e5 13. O-O exd4 14. exd4 O-O 15. a3 Nd5 16. Nc3 Bf6 17. Nxd5 Qxd5 18. Bc3 Bf5 19. Qd2 Bd3 20. Rf2 h5 21. Re1 h4 22. Qf4 a5 23. Kg2 Ra8 24. g4 Kh7 25. g5 Bxg5 26. Re5 Bxf4 27. Rxd5 Be3 28. Rxb5 h3+ 29. Kg3 Ra6 30. Rh5+ Kg8 31. f4 Rg6+ 32. Rg5 Bxf2+ 33. Kxf2 Rxg5 34. fxg5 a4 35. Kg3 Bf1 36. d5 Kf8 37. Kf4 Ke7 38. Bb4+ Kd7 39. Bf8 Bg2 40. Ke5 f6+ 41. Kd4 fxg5 42. Bxg7 Bf3 43. Kxc4 Bd1 1/2-1/2

[Event "GER-ch 88th"]
[Site "Apolda"]
[Date "2017.07.01"]
[Round "9"]
[White "Huschenbeth, Niclas"]
[Black "Nisipeanu, Liviu Dieter"]
[Result "1/2-1/2"]
[WhiteElo "2585"]
[BlackElo "2683"]
[EventDate "2017.06.23"]
[PlyCount "61"]

1. e4 e6 2. d4 d5 3. Nd2 c5 4. Ngf3 cxd4 5. exd5 Qxd5 6. Bc4 Qd7 7. O-O Nc6 8. Nb3 a6 9. a4 Be7 10. Qe2 Qc7 11. Nbxd4 Nxd4 12. Nxd4 Nf6 13. Bg5 O-O 14. Rfe1 Bd7 15. c3 Nd5 16. Bxe7 Nxe7 17. Bd3 Nd5 18. g3 a5 19. Be4 Nf6 20. Bf3 Rac8 21. Qe5 Qxe5 22. Rxe5 b6 23. Ra3 Rfd8 24. Kf1 Be8 25. Re1 Rd6 26. Nb5 Rdd8 27. Raa1 Kf8 28. Nd4 Rd6 29. Nb5 Rdd8 30. Nd4 Rd6 31. Nb5 1/2-1/2

[Event "GER-ch 88th"]
[Site "Apolda"]
[Date "2017.07.01"]
[Round "9"]
[White "Kalinitschew, Sergey"]
[Black "Kollars, Dmitrij"]
[Result "0-1"]
[WhiteElo "2426"]
[BlackElo "2510"]
[EventDate "2017.06.23"]
[PlyCount "56"]

1. d4 d5 2. c4 e6 3. Nc3 Bb4 4. e3 Nf6 5. cxd5 exd5 6. Bd3 O-O 7. Nge2 Re8 8. O-O Bd6 9. f3 c5 10. Bd2 b6 11. Rc1 Ba6 12. Bb1 Nbd7 13. Rf2 Nf8 14. g4 Ne6 15. Kg2 Rc8 16. Qa4 Bc4 17. b3 cxd4 18. exd4 Bxe2 19. Nxe2 Rxc1 20. Bxc1 Qb8 21. h4 b5 22. Qa5 Bf4 23. Nxf4 Nxf4+ 24. Kf1 Ne6 25. Bg5 Qg3 26. Qd2 Qh3+ 27. Kg1 Nxd4 28. Bxf6 Nxf3+ 0-1

[Event "GER-ch 88th"]
[Site "Apolda"]
[Date "2017.07.01"]
[Round "9"]
[White "Kersten, Uwe"]
[Black "Heimrath, Reiner"]
[Result "0-1"]
[WhiteElo "2257"]
[BlackElo "2231"]
[EventDate "2017.06.23"]
[PlyCount "58"]

1. d4 Nf6 2. Nf3 g6 3. c4 Bg7 4. Nc3 O-O 5. Bf4 d6 6. e3 Nc6 7. h3 Bf5 8. d5 e5 9. Bg5 Ne7 10. g4 Bd7 11. e4 Ne8 12. Rg1 f6 13. Bh4 Kh8 14. Be2 c6 15. Qd3 Rc8 16. O-O-O b5 17. dxc6 bxc4 18. Qxc4 Rxc6 19. Qb4 Be6 20. Kb1 Nc7 21. Rd2 g5 22. Bg3 d5 23. exd5 Ncxd5 24. Nxd5 Nxd5 25. Qa4 Qb6 26. Qb5 Rb8 27. Qxb6 Rbxb6 28. Ka1 Bf8 29. Rgd1 Bb4 0-1

[Event "GER-ch 88th"]
[Site "Apolda"]
[Date "2017.07.01"]
[Round "9"]
[White "Kolbus, Dietmar"]
[Black "Hirneise, Jens"]
[Result "0-1"]
[WhiteElo "2306"]
[BlackElo "2328"]
[EventDate "2017.06.23"]
[PlyCount "66"]

1. c4 g6 2. e4 Bg7 3. d4 d6 4. Nc3 Nf6 5. f3 O-O 6. Be3 e5 7. d5 Nh5 8. Qd2 f5 9. O-O-O Nd7 10. Bd3 a6 11. Nge2 Nc5 12. Bc2 b5 13. b4 Nd7 14. cxb5 fxe4 15. Nxe4 axb5 16. N2c3 Nb6 17. Bxb6 cxb6 18. Kb2 Bd7 19. a3 Nf6 20. Bd3 Nxe4 21. Nxe4 Ra7 22. Ra1 Qh4 23. Qe2 Bh6 24. Kb3 Qf4 25. Nxd6 e4 26. Nxe4 Bg7 27. Ra2 Rc8 28. Rc2 Rca8 29. Ra2 Qe5 30. Bxb5 Bxb5 31. Qxb5 Rxa3+ 32. Rxa3 Rxa3+ 33. Kxa3 Qb2+ 0-1

[Event "GER-ch 88th"]
[Site "Apolda"]
[Date "2017.07.01"]
[Round "9"]
[White "Langheinrich, Ferenc"]
[Black "Jugelt, Tobias"]
[Result "1/2-1/2"]
[WhiteElo "2364"]
[BlackElo "2431"]
[EventDate "2017.06.23"]
[PlyCount "80"]

1. d4 Nf6 2. c4 d6 3. Nc3 Nbd7 4. Nf3 e5 5. Qc2 Be7 6. g3 O-O 7. Bg2 c6 8. O-O a5 9. Rd1 Qc7 10. b3 Re8 11. Bb2 Bf8 12. e3 g6 13. c5 d5 14. dxe5 Ng4 15. h3 Ngxe5 16. Nxe5 Nxe5 17. e4 Bxc5 18. exd5 Nf3+ 19. Kh1 Bf5 20. Ne4 Bxe4 21. Qxc5 Qd7 22. dxc6 Qxc6 23. Qc3 Qxc3 24. Bxc3 a4 25. g4 Rec8 26. Rac1 axb3 27. axb3 h6 28. Bf6 g5 29. Rxc8+ Rxc8 30. Ra1 Kh7 31. Bxf3 Bxf3+ 32. Kh2 Kg6 33. Bd4 h5 34. Kg3 Bd5 35. gxh5+ Kxh5 36. Ra5 Rd8 37. f4 Kg6 38. b4 f6 39. Be3 Kf5 40. fxg5 Ke5 1/2-1/2

[Event "GER-ch 88th"]
[Site "Apolda"]
[Date "2017.07.01"]
[Round "9"]
[White "Meier, Georg"]
[Black "Svane, Rasmus"]
[Result "0-1"]
[WhiteElo "2644"]
[BlackElo "2581"]
[EventDate "2017.06.23"]
[PlyCount "88"]

1. Nf3 d5 2. c4 e6 3. d4 Nf6 4. g3 Bb4+ 5. Bd2 Bd6 6. Bg2 O-O 7. O-O Nbd7 8. c5 Be7 9. Nc3 Ne4 10. b4 f5 11. Qc2 Bf6 12. e3 c6 13. Rab1 g5 14. Rfd1 Qe7 15. Be1 Bg7 16. b5 g4 17. Nh4 e5 18. bxc6 bxc6 19. Nxf5 Rxf5 20. Nxe4 dxe4 21. Bxe4 Rf6 22. d5 Qxc5 23. dxc6 Qxc2 24. Bxc2 Nb6 25. Rd8+ Rf8 26. Bb3+ Kh8 27. Rbd1 Bf5 28. c7 Bf6 29. Rxf8+ Rxf8 30. Bb4 Rc8 31. Bd6 Bd7 32. Rc1 Kg7 33. Rc5 Re8 34. Ra5 Nc8 35. Bc5 Be7 36. a4 Bxc5 37. Rxc5 Kf6 38. a5 e4 39. Rd5 Re7 40. Bc2 Bf5 41. Rc5 Re5 42. Rc6+ Ke7 43. a6 Re6 44. Rc5 Kf6 0-1